000
00304nam a2200133Ia 4500
008
191201s2009 xx 000 0 und d
100
_a
KAUSHAL, H
245
0
_a
Case Study Solutions Finance
250
_a
Rep.
260
_a
N.Delhi
_b
Macmillan
_c
2009
300
_a
237
650
_a
MBA
942
_2
ddc
_c
BK
999
_c
4101
_d
4101